000
00310nam a2200133Ia 4500
008
220216s9999 xx 000 0 und d
100
_a
Jacob Jom
245
0
_a
NR shortage looms
260
_b
Rubber Asia
_c
2014
300
_a
58-63
500
_a
Source Year: 2014
650
_a
Global NR demand
942
_c
JS
999
_c
64191
_d
64191